000 00404nam a2200169Ia 4500
008 230524s9999 xx 000 0 und d
082 _a621.382
_bALE
100 _aAlexis Leon
245 0 _aInternet For Everyone
250 _a1ST
260 _aNEW DELHI
_bLeon Tech. World
_c1998
300 _aX;173
500 _aQuantity Number: 2
650 _aComp-Sc
700 _a Mathews Leon
942 _cBK
999 _c14575
_d14575